000 00656nam a2200253Ia 4500
003 OSt
005 20221005050539.0
006 a|||||r|||| 00| 0
007 ta
008 221004b |||||||| |||| 00| 0 per d
020 _c36
024 _a22075
037 _cTextual
040 _aCRL
_cCRL
_bper
041 _2per
_aper
082 _aZ(Q7), 164L2
100 _aBadayuni Abdul Qadir Au.
245 0 _aNijat al-rashid
260 _aLahore
_bIdarah-e-tehqiqat Pakistan
_c1972
300 _a531+35p.
_ccm.
650 _aISLAMIC LAW
942 _hZ(Q7), 164L2
_cTEXL
_2cc
999 _c957225
_d957225